000 00540nam a2200145Ia 4500
008 100415s9999 xx 000 0 und d
082 _b21870
_a583.42(5475)
100 _aSINGH H.S.
245 _aMangroves and their environment: with emphasis on mangroves in Gujarat
260 _aGANDHI NAGAR
_c2006
_bFOREST DEPARTMENT,GUJARAT STAT
365 _b0
630 _aMangroves and their environment: with emphasis on mangroves in Gujarat
730 _aMangroves and their environment: with emphasis on mangroves in Gujarat
942 _cBOOK
999 _c604752
_d604749